000 01196nam a22002777a 4500
005 20111121144343.0
010 _aENG-104155 B-464022
020 _a9780071077750
_c425.00
020 _a0071077758
_c425.00
035 _aEN-87688 B-464022
037 _bDBAD / PUB
037 _bAllied Pub/Ven
082 _a621.3191
100 _aKothari, D.P.
_947656
245 _aModern power system analysis /
_cby D.P. Kothari [and] I.J. Nagrath
250 _a4th ed
260 _aNew Delhi
_bTata McGraw-Hill
_c2011
270 _a7 West Patel Nagar
_bNew Delhi
_e110008
300 _axx,760p.
_c24cm (pbk)
500 _aIncludes bibliographical references
700 _aNagrath, I.J.
_935964
942 _2ddc
_cEN
_mKOT
_h621.3191
999 _c58571
_d58571